[Event "8. Lovsprings EMT Mesterklassen 1996"]
[Site "Ringsted"]
[Date "1996.03.22"]
[Round "3"]
[White "Jensen, Soren"]
[Black "Bruun, Erling"]
[Result "0-1"]
[WhiteElo "1994"]
[BlackElo "1957"]
[PlyCount "84"]
[EventDate "1996.??.??"]

1. d4 g6 2. c4 Nf6 3. Nc3 Bg7 4. e4 d6 5. Nf3 O-O 6. Be2 e5 7. O-O Nc6 8. d5
Ne7 9. Ne1 Nd7 10. Be3 f5 11. f3 Nf6 12. a4 f4 13. Bf2 g5 14. c5 Ng6 15. a5 Ne8
16. b4 h5 17. b5 Rf7 18. Nd3 Bf8 19. cxd6 cxd6 20. a6 bxa6 21. bxa6 Qd7 22. Nb4
g4 23. Bb5 Qe7 24. Bc6 Rb8 25. Nb5 g3 26. hxg3 fxg3 27. Bxg3 h4 28. Bh2 Ng7 29.
Nd3 Nh5 30. Rf2 Bh6 31. Rb2 Ngf4 32. Nxf4 Nxf4 33. Rbb1 Kh7 34. Ra2 Rg7 35. Nc3
Rxb1 36. Qxb1 Qg5 37. Bxf4 Qxf4 38. Nb5 Qxf3 39. Nxd6 h3 40. Qc2 Rxg2+ 41. Qxg2
hxg2 42. Rxg2 Be3+ 0-1

[Event "8. Lovsprings EMT Mesterklassen 1996"]
[Site "Ringsted"]
[Date "1996.03.22"]
[Round "3"]
[White "Madsen, Morten"]
[Black "Rasmussen, Per Arnt"]
[Result "0-1"]
[WhiteElo "1981"]
[BlackElo "1990"]
[PlyCount "42"]
[EventDate "1996.??.??"]

1. e4 c5 2. c3 b6 3. d4 Bb7 4. d5 e6 5. c4 b5 6. cxb5 Nf6 7. Nc3 g6 8. Bg5 h6
9. Bh4 g5 10. Bg3 Qa5 11. Qf3 Bg7 12. Bc4 Qb4 13. Qd3 Nxe4 14. dxe6 fxe6 15.
Nge2 d5 16. Qf3 Qxc4 17. Qh5+ Ke7 18. Qg6 Rg8 19. O-O Nd7 20. b3 Bxc3 21. Qh7+
Rg7 0-1

[Event "8. Lovsprings EMT Mesterklassen 1996"]
[Site "Ringsted"]
[Date "1996.03.22"]
[Round "3"]
[White "Nielsen, Max"]
[Black "Lynge, Michael"]
[Result "1-0"]
[WhiteElo "2165"]
[BlackElo "2115"]
[PlyCount "91"]
[EventDate "1996.??.??"]

1. e4 g6 2. d4 Nf6 3. e5 Nh5 4. Nc3 d6 5. f4 Ng7 6. Nf3 c6 7. Be3 h5 8. Bd3 d5
9. Bf2 Bf5 10. Ne2 Qd7 11. O-O Na6 12. Bxa6 bxa6 13. b3 e6 14. c4 dxc4 15. bxc4
Be7 16. Qa4 O-O 17. h3 Bd3 18. Rfe1 Rab8 19. c5 Rb2 20. Nc1 Bf5 21. Qxa6 Qd5
22. Qa3 Rb7 23. Qc3 Rfb8 24. Nb3 Bd8 25. Nfd2 Rb4 26. Qf3 Qd7 27. Rac1 g5 28.
fxg5 Bxg5 29. Be3 Bxe3+ 30. Qxe3 Bg6 31. Ne4 Bxe4 32. Qxe4 a5 33. Nxa5 Rxd4 34.
Qxc6 Qd8 35. Nb3 Rd5 36. Qa6 Ra8 37. Qe2 Qc8 38. Red1 Qc7 39. Rxd5 exd5 40. Rd1
Rd8 41. Re1 Qc6 42. Rf1 d4 43. Rf6 Qc7 44. Rd6 d3 45. Qxd3 Re8 46. Qd5 1-0

[Event "8. Lovsprings EMT Mesterklassen 1996"]
[Site "Ringsted"]
[Date "1996.03.22"]
[Round "3"]
[White "Pedersen, Henrik Dahl"]
[Black "Pedersen, Kim"]
[Result "0-1"]
[WhiteElo "1999"]
[BlackElo "2237"]
[PlyCount "112"]
[EventDate "1996.??.??"]

1. c4 e5 2. g3 g6 3. Bg2 Nc6 4. Nc3 Bg7 5. d3 Nge7 6. Nf3 h6 7. O-O d6 8. Rb1
a5 9. a3 O-O 10. Bd2 Be6 11. e4 f5 12. b4 axb4 13. axb4 Qd7 14. Nd5 fxe4 15.
dxe4 b6 16. Be3 Rab8 17. Qd2 Kh7 18. Ne1 g5 19. Nd3 Ng6 20. f3 Rf7 21. Qc2 Bh3
22. c5 Bxg2 23. Kxg2 dxc5 24. bxc5 b5 25. Rbd1 Qe6 26. N3b4 Nxb4 27. Nxb4 Bf8
28. Nd5 c6 29. Nb6 Ra7 30. Rd2 Rbb7 31. Rfd1 Rf7 32. Qc3 g4 33. Rf2 gxf3+ 34.
Kg1 Qg4 35. Qd3 h5 36. Kh1 h4 37. Rg1 hxg3 38. Rxg3 Ra1+ 39. Rf1 Rxf1+ 40. Qxf1
Qxe4 41. Qh3+ Kg8 42. Bf2 Bg7 43. Nd7 Qc2 44. Qg4 Qxf2 45. Qxg6 Qe1+ 46. Rg1 f2
47. Nf6+ Kf8 48. Nh7+ Ke8 49. Qxc6+ Rd7 50. Nf6+ Bxf6 51. Qe6+ Be7 52. Qg6+ Kd8
53. Qb6+ Rc7 54. Qb8+ Rc8 55. Qb6+ Ke8 56. Qxb5+ Kf8 0-1

[Event "8. Lovsprings EMT Mesterklassen 1996"]
[Site "Ringsted"]
[Date "1996.03.22"]
[Round "3"]
[White "Preuss, Flemming"]
[Black "Kronow, Jacob"]
[Result "1-0"]
[WhiteElo "2029"]
[BlackElo "1901"]
[PlyCount "85"]
[EventDate "1996.??.??"]

1. f4 Nf6 2. Nf3 g6 3. g3 Bg7 4. Bg2 d6 5. d3 c6 6. e4 Qb6 7. c3 Nbd7 8. Na3
Nc5 9. Nc4 Qa6 10. Qe2 b5 11. Ne3 b4 12. Nc4 d5 13. Be3 dxc4 14. Bxc5 cxd3 15.
Qe3 bxc3 16. bxc3 Qc4 17. Qd4 Qb5 18. a4 Qa6 19. e5 Nd5 20. O-O Bf5 21. Nh4 Rd8
22. Nxf5 gxf5 23. Rfd1 Nc7 24. Qb4 Bf8 25. Rd2 e6 26. Rad1 Nd5 27. Qa3 Qc4 28.
Bxf8 Rxf8 29. Rxd3 f6 30. Rd4 Qe2 31. c4 fxe5 32. fxe5 f4 33. cxd5 fxg3 34.
Qxg3 cxd5 35. R4d2 Qc4 36. Kh1 Qxa4 37. Rb1 Qf4 38. Qc3 Qc4 39. Qh3 Qa6 40.
Qxh7 Rf7 41. Qg6 Ke7 42. Rbb2 Rd7 43. Qg5+ 1-0

[Event "8. Lovsprings EMT Mesterklassen 1996"]
[Site "Ringsted"]
[Date "1996.03.22"]
[Round "3"]
[White "Rasmussen, Henning"]
[Black "Pedersen, Hans Dahl"]
[Result "1/2-1/2"]
[WhiteElo "1935"]
[BlackElo "2091"]
[PlyCount "83"]
[EventDate "1996.??.??"]

1. e4 c5 2. c3 d6 3. d4 Nd7 4. Be3 Qc7 5. Bd3 Ngf6 6. f3 e5 7. Ne2 Be7 8. O-O
O-O 9. dxe5 Nxe5 10. c4 a6 11. Nbc3 Bd7 12. Nf4 Rab8 13. a4 Bc6 14. Be2 Rfe8
15. Nfd5 Qd8 16. Qd2 Nxd5 17. Nxd5 Bf8 18. b3 b5 19. axb5 axb5 20. Ra7 bxc4 21.
Bxc4 Rb7 22. Rfa1 Rxa7 23. Rxa7 Qb8 24. Ra1 Qb7 25. h3 Nxc4 26. bxc4 Qb3 27.
Qc3 Qb7 28. Bf4 Re6 29. Bg3 Rg6 30. Kh2 Bxd5 31. exd5 h5 32. Qc1 Qe7 33. Bf2
Qe2 34. Qf1 Qe5+ 35. Kh1 Kh7 36. Re1 Qg5 37. Be3 Qf5 38. Bf2 Qg5 39. Be3 Qf6
40. Bf2 Be7 41. Re4 Bf8 42. Qe2 1/2-1/2

[Event "8. Lovsprings EMT Mesterklassen 1996"]
[Site "Ringsted"]
[Date "1996.03.29"]
[Round "4"]
[White "Askgaard, Jens"]
[Black "Preuss, Flemming"]
[Result "1-0"]
[WhiteElo "1985"]
[BlackElo "2029"]
[PlyCount "35"]
[EventDate "1996.??.??"]

1. e4 c5 2. Nf3 Nc6 3. d4 cxd4 4. Nxd4 Nf6 5. Nc3 e5 6. Nf5 d5 7. exd5 Bxf5 8.
dxc6 bxc6 9. Qf3 Qd7 10. Bg5 Nd5 11. Nxd5 cxd5 12. O-O-O Rc8 13. Rxd5 Rxc2+ 14.
Kd1 Bd6 15. Bb5 Rc6 16. Bxc6 Qxc6 17. Rxe5+ Kd7 18. Qxc6+ 1-0

[Event "8. Lovsprings EMT Mesterklassen 1996"]
[Site "Ringsted"]
[Date "1996.03.29"]
[Round "4"]
[White "Bromann, Thorbjorn"]
[Black "Jorgensen, Gert"]
[Result "1-0"]
[WhiteElo "2149"]
[BlackElo "1925"]
[PlyCount "71"]
[EventDate "1996.??.??"]

1. e4 d5 2. exd5 Qxd5 3. Nc3 Qa5 4. Bc4 Nf6 5. d3 c6 6. Nge2 e6 7. Bd2 Qc7 8.
Ng3 b5 9. Bb3 Qe5+ 10. Nce2 Nbd7 11. O-O Qc7 12. c3 Bd6 13. f4 O-O 14. Kh1 c5
15. f5 e5 16. Ne4 Nxe4 17. dxe4 Bb7 18. Ng3 c4 19. Bc2 Be7 20. Qf3 Rad8 21. Be3
f6 22. Nh5 Rf7 23. Bxa7 Bc5 24. Bxc5 Nxc5 25. Rad1 Rfd7 26. h3 Rd2 27. b4 Nxe4
28. Bxe4 Bxe4 29. Nxf6+ gxf6 30. Qg4+ Qg7 31. Rxd2 Rxd2 32. Qxe4 Rxa2 33. Rd1
Qg3 34. Rd8+ Kg7 35. Qb7+ Kh6 36. Rd1 1-0

[Event "8. Lovsprings EMT Mesterklassen 1996"]
[Site "Ringsted"]
[Date "1996.03.29"]
[Round "4"]
[White "Bruun, Erling"]
[Black "Hansen, Jens Hjort"]
[Result "1/2-1/2"]
[WhiteElo "1957"]
[BlackElo "1906"]
[PlyCount "88"]
[EventDate "1996.??.??"]

1. e4 c5 2. Nf3 d6 3. d4 cxd4 4. Nxd4 Nf6 5. Nc3 a6 6. f4 Qc7 7. Be2 e6 8. O-O
Be7 9. Kh1 b5 10. Bf3 Bb7 11. e5 dxe5 12. fxe5 Nfd7 13. Bf4 Nc6 14. Nxc6 Bxc6
15. Bxc6 Qxc6 16. Qg4 h5 17. Qe2 g5 18. Be3 g4 19. Bd4 h4 20. Qxg4 O-O-O 21.
Rxf7 Bc5 22. Rf4 h3 23. Qf3 hxg2+ 24. Qxg2 Qxg2+ 25. Kxg2 Rdg8+ 26. Kh1 Bxd4
27. Rxd4 Nxe5 28. Rf1 Ng4 29. Rd2 Rd8 30. Rxd8+ Kxd8 31. Rd1+ Ke7 32. Rd2 Ne3
33. Re2 Rh3 34. Ne4 Rf3 35. Nf2 Nf5 36. Kg2 Nh4+ 37. Kg1 Rf4 38. Re4 Nf3+ 39.
Kg2 Rxe4 40. Nxe4 Ne1+ 41. Kg3 Nxc2 42. Kf4 Nb4 43. h4 Nd3+ 44. Kg5 Kf7 1/2-1/2

[Event "8. Lovsprings EMT Mesterklassen 1996"]
[Site "Ringsted"]
[Date "1996.03.29"]
[Round "4"]
[White "Jensen, Soren"]
[Black "Buhl, Poul"]
[Result "1-0"]
[WhiteElo "1994"]
[BlackElo "2021"]
[PlyCount "79"]
[EventDate "1996.??.??"]

1. d4 Nf6 2. c4 g6 3. Nc3 Bg7 4. e4 d6 5. f4 O-O 6. Nf3 c6 7. Be2 Qc7 8. O-O
Na6 9. Qe1 Bg4 10. Qh4 Bxf3 11. Rxf3 Rfe8 12. e5 Nd7 13. Rh3 Nf8 14. Be3 c5 15.
Nd5 Qd8 16. Rd1 cxd4 17. Bxd4 Nc7 18. Bf3 Nxd5 19. Bxd5 dxe5 20. fxe5 e6 21.
Bxb7 Qxh4 22. Rxh4 Rab8 23. Bf3 Red8 24. b3 Nd7 25. Re4 a5 26. Bc3 Nc5 27. Ree1
a4 28. b4 Nd3 29. Re3 Nf4 30. g3 Nh3+ 31. Kg2 Ng5 32. Red3 Rdc8 33. c5 Nxf3 34.
Kxf3 Bf8 35. a3 Kg7 36. Ke4 Be7 37. Rd7 Kf8 38. Ra7 Ra8 39. Rdd7 Re8 40. Rxe7
1-0

[Event "8. Lovsprings EMT Mesterklassen 1996"]
[Site "Ringsted"]
[Date "1996.03.29"]
[Round "4"]
[White "Kronow, Jacob"]
[Black "Madsen, Hans Henrik"]
[Result "0-1"]
[WhiteElo "1901"]
[BlackElo "2099"]
[PlyCount "56"]
[EventDate "1996.??.??"]

1. d4 Nf6 2. c4 c5 3. d5 e6 4. Nc3 exd5 5. cxd5 d6 6. e4 g6 7. Nf3 Bg7 8. Be2
O-O 9. O-O Re8 10. Qc2 Na6 11. Bg5 h6 12. Bh4 g5 13. Nxg5 hxg5 14. Bxg5 Qb6 15.
f3 Bd7 16. Rae1 Nc7 17. a4 Qb4 18. Bd2 Qd4+ 19. Kh1 a6 20. Bd1 b5 21. a5 b4 22.
Ne2 Qe5 23. f4 Qxe4 24. Qc1 Qxd5 25. Ng3 Rxe1 26. Rxe1 Re8 27. Be3 Bg4 28. Bc2
Nb5 0-1

[Event "8. Lovsprings EMT Mesterklassen 1996"]
[Site "Ringsted"]
[Date "1996.03.29"]
[Round "4"]
[White "Lynge, Michael"]
[Black "Pedersen, Henrik Dahl"]
[Result "1-0"]
[WhiteElo "2115"]
[BlackElo "1999"]
[PlyCount "47"]
[EventDate "1996.??.??"]

1. d4 Nf6 2. c4 g6 3. Nc3 Bg7 4. e4 O-O 5. Nf3 c5 6. d5 d6 7. h3 Na6 8. Be2 Bd7
9. O-O Rb8 10. Re1 Nc7 11. a4 a6 12. a5 b5 13. axb6 Rxb6 14. Bf1 e6 15. Qc2 Qb8
16. e5 dxe5 17. Nxe5 exd5 18. cxd5 Bf5 19. Qd1 Rd8 20. Nc4 Rb4 21. d6 Qa8 22.
dxc7 Rxd1 23. Rxd1 Nd7 24. Nd6 1-0

[Event "8. Lovsprings EMT Mesterklassen 1996"]
[Site "Ringsted"]
[Date "1996.03.29"]
[Round "4"]
[White "Madsen, Morten"]
[Black "Jacobsen, Erik"]
[Result "1/2-1/2"]
[WhiteElo "1981"]
[BlackElo "1983"]
[PlyCount "86"]
[EventDate "1996.??.??"]

1. e4 c5 2. c3 b6 3. Be2 Bb7 4. Bf3 e5 5. Ne2 f5 6. exf5 Bxf3 7. gxf3 Qf6 8.
Ng3 Nc6 9. Rg1 Nh6 10. Qc2 d5 11. Na3 O-O-O 12. d3 Nxf5 13. Nxf5 Qxf5 14. Bg5
Rd7 15. O-O-O Be7 16. Bxe7 Rxe7 17. Rg3 Rd8 18. Qe2 Qh5 19. Nc2 Qxh2 20. Ne3
Qh5 21. Rdg1 g6 22. Qf1 Qh6 23. Rh1 Qf8 24. Rgh3 Rdd7 25. Qg2 Qg8 26. Kb1 Qe6
27. Nc2 Kb8 28. Re1 g5 29. Rh5 h6 30. Reh1 Rh7 31. Qh2 Rd6 32. Rxg5 Qf7 33. Rg3
Rf6 34. Qh3 h5 35. Rhg1 Qe6 36. Rg8+ Kc7 37. Qxe6 Rxe6 38. Ne3 Rd6 39. Rh1 d4
40. Nc4 Rf6 41. Rh3 Rf5 42. Kc2 Ne7 43. Ra8 Nc6 1/2-1/2

[Event "8. Lovsprings EMT Mesterklassen 1996"]
[Site "Ringsted"]
[Date "1996.03.29"]
[Round "4"]
[White "Nielsen, Max"]
[Black "Pedersen, Kim"]
[Result "1/2-1/2"]
[WhiteElo "2165"]
[BlackElo "2237"]
[PlyCount "33"]
[EventDate "1996.??.??"]

1. e4 e5 2. Nf3 d6 3. d4 exd4 4. Nxd4 g6 5. Nc3 Bg7 6. Be3 Nf6 7. Qd2 h6 8. f3
Nc6 9. O-O-O Nxd4 10. Bxd4 O-O 11. Be3 Kh7 12. g4 Be6 13. g5 hxg5 14. Bxg5 Qe8
15. Be2 Qc6 16. Kb1 Qb6 17. h4 1/2-1/2

[Event "8. Lovsprings EMT Mesterklassen 1996"]
[Site "Ringsted"]
[Date "1996.03.29"]
[Round "4"]
[White "Nielsen, Per Henrik Axel"]
[Black "Arnkilde, Anders"]
[Result "0-1"]
[WhiteElo "1944"]
[BlackElo "1997"]
[PlyCount "50"]
[EventDate "1996.??.??"]

1. e4 e5 2. Bc4 Bc5 3. b4 Bxb4 4. c3 Bc5 5. d4 exd4 6. Nf3 Nf6 7. Qb3 O-O 8.
cxd4 d5 9. Bxd5 Nxd5 10. dxc5 Re8 11. O-O Rxe4 12. Rd1 c6 13. Nc3 Re8 14. Nxd5
cxd5 15. Rxd5 Qc7 16. Rg5 Kh8 17. Bb2 f6 18. Rg3 Be6 19. Qc3 Nd7 20. Rc1 Rac8
21. Qd4 Bf5 22. Qh4 Re4 23. Qh5 g6 24. Qh6 Qf4 25. Ng5 Qxc1+ 0-1

[Event "8. Lovsprings EMT Mesterklassen 1996"]
[Site "Ringsted"]
[Date "1996.03.29"]
[Round "4"]
[White "Pedersen, Hans Dahl"]
[Black "Christensen, Lars (1957)"]
[Result "1-0"]
[WhiteElo "2091"]
[BlackElo "2020"]
[PlyCount "91"]
[EventDate "1996.??.??"]

1. d4 Nf6 2. Nf3 c5 3. e3 g6 4. Bd3 Bg7 5. O-O cxd4 6. exd4 O-O 7. c3 d5 8. Re1
Bg4 9. Nbd2 Qd7 10. Qb3 Nc6 11. Bb5 Bxf3 12. Nxf3 Ne4 13. Bd3 Nf6 14. Bf4 Nh5
15. Bg5 f6 16. Bd2 Kh8 17. c4 dxc4 18. Bxc4 Nxd4 19. Nxd4 Qxd4 20. Bb4 Rfc8 21.
Be6 Rc7 22. Rad1 Qb6 23. Qa3 Rc2 24. Rd2 Rxd2 25. Bxd2 Bf8 26. Bb4 Nf4 27. Bc4
Qc6 28. Bf1 Nd5 29. Bd2 e5 30. Qb3 Rd8 31. a3 Qb6 32. Qc2 Bc5 33. Bc1 a5 34.
Rd1 Bd4 35. Rd3 Qc5 36. Qxc5 Bxc5 37. g3 e4 38. Rd1 Bb6 39. Bc4 Ne7 40. Re1 f5
41. Bg5 Bd4 42. Bxe7 Rd7 43. Bg5 Bxb2 44. Rb1 Bc3 45. Rc1 Be5 46. Be6 1-0

[Event "8. Lovsprings EMT Mesterklassen 1996"]
[Site "Ringsted"]
[Date "1996.03.29"]
[Round "4"]
[White "Rasmussen, Per Arnt"]
[Black "Rasmussen, Henning"]
[Result "1/2-1/2"]
[WhiteElo "1990"]
[BlackElo "1935"]
[PlyCount "31"]
[EventDate "1996.??.??"]

1. e4 d5 2. exd5 Qxd5 3. Nc3 Qa5 4. d4 Nf6 5. Nf3 Bf5 6. Ne5 c6 7. g4 Be6 8.
Nc4 Qc7 9. Ne3 Nd5 10. Nexd5 Bxd5 11. Nxd5 cxd5 12. Bb5+ Nd7 13. c3 e6 14. Qa4
a6 15. Bxd7+ Qxd7 16. Qxd7+ 1/2-1/2

[Event "8. Lovsprings EMT Mesterklassen 1996"]
[Site "Ringsted"]
[Date "1996.04.12"]
[Round "5"]
[White "Arnkilde, Anders"]
[Black "Askgaard, Jens"]
[Result "1-0"]
[WhiteElo "1997"]
[BlackElo "1985"]
[PlyCount "77"]
[EventDate "1996.??.??"]

1. e4 e6 2. d4 d5 3. exd5 exd5 4. Nf3 Nf6 5. Bd3 Bd6 6. O-O O-O 7. Nc3 c6 8.
Bg5 Bg4 9. h3 Bxf3 10. Qxf3 Nbd7 11. Bf5 Qb6 12. Rad1 Rae8 13. h4 h6 14. Bxd7
Nxd7 15. Bxh6 gxh6 16. Qg4+ Kh8 17. Qxd7 Rd8 18. Qh3 Qxb2 19. Qe3 Qxc2 20. Rd3
Bf4 21. Qf3 Rde8 22. Rfd1 Bb8 23. Qf6+ Kh7 24. Qf5+ Kh8 25. g3 Re6 26. h5 b5
27. Kg2 a5 28. R1d2 Qc1 29. Ne2 Qe1 30. Qf3 Kg7 31. Qg4+ Kh8 32. Qf3 b4 33. Re3
Rxe3 34. Qxe3 Kg7 35. Rc2 Rc8 36. Rc1 Re8 37. Qxe8 Qd2 38. Qxb8 Qxe2 39. Qe5+
1-0

[Event "8. Lovsprings EMT Mesterklassen 1996"]
[Site "Ringsted"]
[Date "1996.04.12"]
[Round "5"]
[White "Bruun, Erling"]
[Black "Christensen, Lars (1957)"]
[Result "1-0"]
[WhiteElo "1957"]
[BlackElo "2020"]
[PlyCount "57"]
[EventDate "1996.??.??"]

1. e4 c5 2. Nf3 d6 3. d4 cxd4 4. Nxd4 Nf6 5. Nc3 g6 6. Be2 Bg7 7. O-O Nc6 8.
Be3 h5 9. h3 Bd7 10. f4 h4 11. f5 Ne5 12. Bd3 Qb6 13. fxg6 Neg4 14. gxf7+ Kf8
15. Ne6+ Bxe6 16. Bxb6 axb6 17. hxg4 Nxg4 18. e5 Ne3 19. Qf3 Nxf1 20. Rxf1 Bxe5
21. Bf5 Bc4 22. Rd1 Ra5 23. b3 Ba6 24. Nd5 Rc5 25. Nxb6 Bb5 26. Bd7 Ba6 27. c4
Bf6 28. Be6 Rc7 29. Nd5 1-0

[Event "8. Lovsprings EMT Mesterklassen 1996"]
[Site "Ringsted"]
[Date "1996.04.12"]
[Round "5"]
[White "Buhl, Poul"]
[Black "Madsen, Morten"]
[Result "1-0"]
[WhiteElo "2021"]
[BlackElo "1981"]
[PlyCount "85"]
[EventDate "1996.??.??"]

1. c4 c6 2. d4 d5 3. Nf3 dxc4 4. Bf4 Nf6 5. a4 Qb6 6. Qc2 Nd5 7. Bd2 Be6 8. a5
Qb3 9. Qxb3 cxb3 10. e4 Nf6 11. Ng5 Bd7 12. Bc4 e6 13. e5 Nd5 14. Ne4 Be7 15.
Bxb3 Na6 16. O-O O-O 17. Nbc3 Rfd8 18. f4 Nac7 19. Ne2 Rac8 20. N2g3 Nb5 21.
Bc3 Nbxc3 22. bxc3 c5 23. dxc5 Bxc5+ 24. Nxc5 Rxc5 25. Ne4 Rc7 26. Rac1 Kf8 27.
f5 Kg8 28. Bxd5 exd5 29. Nd6 Bc6 30. f6 g6 31. Rf4 Rcd7 32. Re1 Rc7 33. Nxf7
Kxf7 34. e6+ Kg8 35. e7 Rxe7 36. Rxe7 Rf8 37. Rg7+ Kh8 38. Rh4 h5 39. Rxg6 Kh7
40. Rg5 Rxf6 41. Rhxh5+ Rh6 42. Rxh6+ Kxh6 43. h4 1-0

[Event "8. Lovsprings EMT Mesterklassen 1996"]
[Site "Ringsted"]
[Date "1996.04.12"]
[Round "5"]
[White "Hansen, Jens Hjort"]
[Black "Kronow, Jacob"]
[Result "0-1"]
[WhiteElo "1906"]
[BlackElo "1901"]
[PlyCount "68"]
[EventDate "1996.??.??"]

1. e4 c5 2. Nf3 d6 3. d4 cxd4 4. Nxd4 Nf6 5. Nc3 g6 6. Bc4 Bg7 7. Be3 O-O 8. f3
Nc6 9. Qd2 Bd7 10. h4 h5 11. O-O-O Rc8 12. Bb3 Ne5 13. Bh6 Nc4 14. Bxc4 Rxc4
15. Bxg7 Kxg7 16. g4 hxg4 17. h5 Rh8 18. hxg6 fxg6 19. Nd5 e5 20. Nf5+ gxf5 21.
Qg5+ Kf7 22. Nxf6 Qxf6 23. Qxf6+ Kxf6 24. Rxh8 gxf3 25. Rh6+ Kg5 26. Rhxd6 Bc6
27. exf5 Kxf5 28. b3 Rg4 29. Kd2 Rg2+ 30. Ke1 e4 31. R6d2 Rg5 32. Rd4 Kf4 33.
Kf1 Kg3 34. Re1 Rh5 0-1

[Event "8. Lovsprings EMT Mesterklassen 1996"]
[Site "Ringsted"]
[Date "1996.04.12"]
[Round "5"]
[White "Jensen, Soren"]
[Black "Jacobsen, Erik"]
[Result "1/2-1/2"]
[WhiteElo "1994"]
[BlackElo "1983"]
[PlyCount "111"]
[EventDate "1996.??.??"]

1. d4 d5 2. c4 e6 3. Nc3 Nf6 4. Bg5 Nbd7 5. e3 Bb4 6. cxd5 exd5 7. Bd3 c6 8.
Qc2 h6 9. Bh4 O-O 10. Nge2 Re8 11. O-O Be7 12. Bg3 Nh5 13. Nxd5 Nxg3 14. Nxe7+
Rxe7 15. Nxg3 Nf6 16. Rfc1 Be6 17. Bc4 Qd7 18. Bxe6 Rxe6 19. Qa4 h5 20. Nf1 h4
21. h3 Nd5 22. Nh2 a6 23. Nf3 Qe7 24. Rc5 Re8 25. Rac1 g5 26. Qc2 f6 27. Qg6+
Kf8 28. a3 Qf7 29. b4 R8e7 30. Qf5 Kg7 31. Qb1 Kh6 32. a4 Nc7 33. Qb3 Nd5 34.
b5 axb5 35. axb5 Rd6 36. bxc6 bxc6 37. Qa4 Ree6 38. Nd2 Qc7 39. Qa8 Rd8 40. Qa4
Ne7 41. Qc4 Qd7 42. Nb3 Rg8 43. Na5 g4 44. hxg4 Rxg4 45. Nxc6 h3 46. g3 Rxe3
47. fxe3 Rxg3+ 48. Kh1 Qg4 49. Rh5+ Qxh5 50. Rf1 Qg6 51. Qe6 Nf5 52. Ne7 Nxe7
53. Qxe7 Rf3 54. Rg1 Rf1 55. Qf8+ Kh7 56. Qe7+ 1/2-1/2

[Event "8. Lovsprings EMT Mesterklassen 1996"]
[Site "Ringsted"]
[Date "1996.04.12"]
[Round "5"]
[White "Nielsen, Max"]
[Black "Jorgensen, Gert"]
[Result "1/2-1/2"]
[WhiteElo "2165"]
[BlackElo "1925"]
[PlyCount "70"]
[EventDate "1996.??.??"]

1. e4 d5 2. exd5 Qxd5 3. Nc3 Qa5 4. d4 Bf5 5. Nf3 e6 6. Ne5 c6 7. Bc4 Nf6 8.
Bd2 Qc7 9. Qe2 Bd6 10. O-O-O Bxe5 11. dxe5 Nd5 12. Kb1 Nd7 13. Rhe1 N5b6 14.
Bd3 Bxd3 15. Qxd3 O-O-O 16. Qe2 Nd5 17. Nxd5 cxd5 18. Bb4 Nc5 19. Qe3 b6 20.
Rd4 Kb7 21. c4 dxc4 22. Rxc4 Rd5 23. Bxc5 bxc5 24. f4 Rc8 25. Rec1 Qa5 26. Qe4
h6 27. R1c3 Rc6 28. Rb3+ Kc7 29. Rd3 Rxd3 30. Qxd3 Qe1+ 31. Rc1 Qf2 32. Qe4 Rb6
33. b3 Rc6 34. h3 Qd2 35. Rc2 Qb4 1/2-1/2

[Event "8. Lovsprings EMT Mesterklassen 1996"]
[Site "Ringsted"]
[Date "1996.04.12"]
[Round "5"]
[White "Nielsen, Per Henrik Axel"]
[Black "Madsen, Hans Henrik"]
[Result "1/2-1/2"]
[WhiteElo "1944"]
[BlackElo "2099"]
[PlyCount "80"]
[EventDate "1996.??.??"]

1. e4 c5 2. Nc3 Nc6 3. g3 d6 4. Bg2 g6 5. d3 Bg7 6. Nge2 Bg4 7. h3 Bd7 8. Be3
e5 9. Nd5 Nge7 10. Nec3 O-O 11. Qd2 Nxd5 12. Nxd5 Ne7 13. Nxe7+ Qxe7 14. O-O
Bc6 15. c3 f5 16. exf5 Bxg2 17. Kxg2 Rxf5 18. Rae1 Qe6 19. a3 Qd5+ 20. Kh2 Rf3
21. c4 Qf7 22. b4 b6 23. bxc5 dxc5 24. Qe2 Qf5 25. a4 Rf8 26. a5 g5 27. axb6
axb6 28. Kg2 h5 29. Rh1 e4 30. dxe4 Qxe4 31. Kh2 h4 32. gxh4 Be5+ 33. Kg1 Qxh4
34. Qd3 Qg3+ 35. fxg3 Rxg3+ 36. Kh2 Rxe3+ 37. Kg2 Rxd3 38. Rxe5 Ra8 39. Rxg5+
Kh7 40. Rf1 Ra2+ 1/2-1/2

[Event "8. Lovsprings EMT Mesterklassen 1996"]
[Site "Ringsted"]
[Date "1996.04.12"]
[Round "5"]
[White "Pedersen, Hans Dahl"]
[Black "Lynge, Michael"]
[Result "1/2-1/2"]
[WhiteElo "2091"]
[BlackElo "2115"]
[PlyCount "28"]
[EventDate "1996.??.??"]

1. e4 g6 2. Nf3 Bg7 3. d4 d6 4. c4 Nd7 5. Nc3 e5 6. g3 Ne7 7. Bg2 O-O 8. O-O
exd4 9. Nxd4 Nc6 10. Nc2 Nde5 11. Qe2 f5 12. f4 Ng4 13. h3 Nh6 14. Kh2 Re8
1/2-1/2

[Event "8. Lovsprings EMT Mesterklassen 1996"]
[Site "Ringsted"]
[Date "1996.04.12"]
[Round "5"]
[White "Pedersen, Kim"]
[Black "Bromann, Thorbjorn"]
[Result "1-0"]
[WhiteElo "2237"]
[BlackElo "2149"]
[PlyCount "69"]
[EventDate "1996.??.??"]

1. e4 e6 2. Qe2 c5 3. Nf3 Nc6 4. g3 Be7 5. d3 d5 6. Bg2 Nf6 7. O-O O-O 8. Nbd2
b5 9. h4 Bb7 10. Re1 Nb4 11. e5 Nxc2 12. exf6 Bxf6 13. Rb1 Nxe1 14. Nxe1 Qa5
15. a3 c4 16. Ndf3 Rfc8 17. d4 b4 18. Nc2 bxa3 19. bxa3 Ba6 20. Nb4 Rab8 21.
Nc6 Rxb1 22. Nxa5 Rxc1+ 23. Kh2 Bd8 24. Qb2 Rd1 25. Qc2 Ra1 26. Qa4 h6 27. Qe8+
Kh7 28. Qxf7 c3 29. Ne5 c2 30. Qg6+ Kh8 31. Nf7+ Kg8 32. Nxh6+ Kh8 33. Nf7+ Kg8
34. Qxe6 c1=Q 35. Ng5+ 1-0

[Event "8. Lovsprings EMT Mesterklassen 1996"]
[Site "Ringsted"]
[Date "1996.04.12"]
[Round "5"]
[White "Rasmussen, Henning"]
[Black "Preuss, Flemming"]
[Result "0-1"]
[WhiteElo "1935"]
[BlackElo "2029"]
[PlyCount "120"]
[EventDate "1996.??.??"]

1. e4 c5 2. c3 Nf6 3. e5 Nd5 4. d4 cxd4 5. cxd4 d6 6. Nf3 Nc6 7. Bc4 Nb6 8. Bb5
dxe5 9. Nxe5 Bd7 10. Nxd7 Qxd7 11. O-O e6 12. Nc3 Be7 13. Ne4 O-O 14. Be3 Rfd8
15. Qh5 Qc7 16. Bxc6 Qxc6 17. Qf3 Nd5 18. Rfc1 Qb5 19. Rab1 b6 20. Nc3 Qd3 21.
Qe4 Qxe4 22. Nxe4 Rac8 23. a3 h6 24. Kf1 f5 25. Nc3 Nxc3 26. Rxc3 Rxc3 27. bxc3
Bxa3 28. Ra1 Bb2 29. Rxa7 Bxc3 30. Rb7 Bxd4 31. Bxd4 Rxd4 32. Rxb6 Kf7 33. Ke2
g5 34. f3 h5 35. Rb7+ Kf6 36. Rh7 h4 37. Ke3 Ra4 38. Rb7 Ra2 39. f4 g4 40. Rh7
Rxg2 41. Rxh4 Ra2 42. Rh6+ Ke7 43. Rh7+ Kd6 44. Rh8 Ra3+ 45. Ke2 Kd5 46. Rh6
Rf3 47. h4 Rxf4 48. h5 Rf3 49. Rh8 Rh3 50. h6 Ke4 51. h7 e5 52. Kf2 f4 53. Kg2
f3+ 54. Kg1 Ke3 55. Re8 Rxh7 56. Rxe5+ Kf4 57. Ra5 Kg3 58. Ra2 f2+ 59. Rxf2
Rh1+ 60. Kxh1 Kxf2 0-1

[Event "8. Lovsprings EMT Mesterklassen 1996"]
[Site "Ringsted"]
[Date "1996.04.12"]
[Round "5"]
[White "Rasmussen, Per Arnt"]
[Black "Pedersen, Henrik Dahl"]
[Result "1-0"]
[WhiteElo "1990"]
[BlackElo "1999"]
[PlyCount "37"]
[EventDate "1996.??.??"]

1. e4 Nf6 2. e5 Nd5 3. d4 d6 4. c4 Nb6 5. f4 dxe5 6. fxe5 c5 7. d5 e6 8. Nc3
exd5 9. cxd5 c4 10. Nf3 Bg4 11. Qd4 Bxf3 12. gxf3 Nc6 13. Qe4 Nb4 14. d6 g6 15.
Nb5 Rc8 16. Bh3 Nd3+ 17. Kf1 Rc5 18. Qxb7 Qh4 19. Qb8+ 1-0